000 00929cam a22002533a 4500
001 23224
003 PGUSA
005 20140828083508.0
008 071027s2007||||xxu|||||s|||||000 | eng d
040 _aPGUSA
_beng
042 _adc
050 4 _aE011
100 1 _aBandelier, Adolph Francis Alphonse,
_d1840-1914
245 1 0 _aHistorical Introduction to Studies Among the Sedentary Indians of New Mexico; Report on the Ruins of the Pueblo of Pecos :
_bPapers Of The Archæological Institute Of America, American Series, Vol. I
_h[electronic resource] /
_cAdolph Francis Alphonse Bandelier
260 _bProject Gutenberg,
_c2007
506 _aPublic domain in the USA.
516 _aElectronic text
653 _aNew Mexico -- Antiquities
653 _aPueblo Indians
653 _aPecos National Monument (N.M.)
830 0 _aProject Gutenberg
_v23224
856 4 0 _uhttp://www.gutenberg.org/ebooks/23224
942 _cEB
999 _c252479
_d252479